| 000 | 01209cam a2200313 a 4500 | ||
|---|---|---|---|
| 001 | 2985341 | ||
| 003 | OSt | ||
| 005 | 20240617114441.0 | ||
| 008 | 920521s1991 enka b 001 0 eng | ||
| 010 | _a 92163857 | ||
| 020 | _a0521404568 | ||
| 020 | _a0521406064 (pbk.) | ||
| 040 |
_aDLC _cMUST _dDLC |
||
| 082 | 0 | 0 |
_a510 _bGOL 1991 |
| 100 | 1 |
_aGoldie, Charles M. _917334 |
|
| 245 | 1 | 0 |
_aCommunication theory / _cCharles M. Goldie and Richard G.E. Pinch. |
| 260 |
_aCambridge ; _aNew York : _bCambridge University Press, _c1991. |
||
| 300 |
_axiv, 210 p. : _bill. ; _c24 cm. |
||
| 440 | 0 |
_aLondon Mathematical Society student texts ; _v20 _917335 |
|
| 504 | _aIncludes bibliographical references (p. [191]-195) and index. | ||
| 650 | 0 |
_aCoding theory. _917336 |
|
| 650 | 0 |
_aInformation theory. _913518 |
|
| 700 | 1 |
_aPinch, Richard G. E. _917337 |
|
| 856 | 4 | 2 |
_3Publisher description _uhttp://www.loc.gov/catdir/description/cam025/92163857.html |
| 856 | 4 | 1 |
_3Table of contents _uhttp://www.loc.gov/catdir/toc/cam027/92163857.html |
| 906 |
_a7 _bcbc _corignew _d2 _encip _f19 _gy-gencatlg |
||
| 942 |
_2ddc _cO_SHELF |
||
| 999 |
_c8537 _d8537 |
||